Gaming Quiz

Random Gaming Quiz

Call of Duty MW2 Killstreaks Quiz Stats

 Plays Quiz not verified by Sporcle

Also try: Video Game Systems
Challenge
Share
Tweet
Embed
Score 0/12 Timer 03:00
0 Plays Today
HINTS ANSWER % Correct
3 KillsUAV
98.6%
4 KillsCare Package
85.5%
11 KillsChopper Gunner
82.1%
25 KillsTactical Nuke
81.4%
15 KillsEMP
80%
7 KillsHarrier
78.6%
11 KillsAC130
76.6%
5 KillsPredator Missile
67.6%
5 KillsSentry Gun
66.9%
7 Kills Attack Helicopter
65.5%
8 KillsEmergency Airdrop
55.2%
9 KillsStealth Bomber
42.1%

You're not logged in!

Compare scores with friends on all Sporcle quizzes.
OR
Log In

You Might Also Like...

Show Comments

Extras

Created Dec 7, 2010ReportNominate
Tags:mw2

Top Quizzes Today


Score Distribution

Your Account Isn't Verified!

In order to create a playlist on Sporcle, you need to verify the email address you used during registration. Go to your Sporcle Settings to finish the process.

Report this User

Report this user for behavior that violates our Community Guidelines.

Details: